Jack and the wild life

Bibliographic Details
Main Author: Doan, Lisa
Format: Book
Published: Minneapolis : Darby Creek , 2014
Subjects:

MARC

LEADER 00000cam a2200000 7i4500
001 0000201049
005 20160210.0
020 |a 9781467724760 
090 0 0 |a JF   |b DOA 
100 1 |a Doan, Lisa 
245 1 0 |a Jack and the wild life   |c Lisa Doan ; illustrations by Ivica Stevanovic 
260 |a Minneapolis :   |b Darby Creek ,   |c 2014 
300 |a 137p. ;   |c 19cm. 
650 0 |a Children's stories 
999 |a 00312982   |b BUKU   |c PINJAMAN   |e PERPUSTAKAAN KOMUNITI PETALING JAYA